[Event "Niteroi op 3rd"]
[Site "Niteroi"]
[Date "2023.09.10"]
[Round "9"]
[White "Goetten Wagner, Julia"]
[Black "Braganca, Joao Victor Marcal"]
[Result "1-0"]
[WhiteElo "1646"]
[BlackElo "1215"]
[PlyCount "43"]
[EventDate "2023.09.04"]
[EventType "swiss"]
[EventRounds "9"]
[EventCountry "BRA"]
[SourceTitle "EXT 2024"]
[Source "ChessBase"]
[SourceDate "2023.10.10"]
[SourceVersion "1"]
[SourceVersionDate "2023.10.10"]
[SourceQuality "1"]

1. e4 e6 2. d4 d5 3. Nd2 Be7 4. Ngf3 Nf6 5. e5 Nfd7 6. Bd3 c5 7. c3 Nc6 8. 0-0 c4 9. Bc2 Nb6 10. Ne1 Bd7 11. f4 f5 12. exf6 Bxf6 13. Qh5+ g6 14. Qe2 Qc7 15. f5 gxf5 16. Bxf5 Bxd4+ 17. cxd4 Nxd4 18. Qh5+ Ke7 19. Qh4+ Ke8 20. Qxd4 e5 21. Bxd7+ Nxd7 22. Qxd5 1-0

[Event "Niteroi op 3rd"]
[Site "Niteroi"]
[Date "2023.09.07"]
[Round "6"]
[White "Braganca, Joao Victor Marcal"]
[Black "De Almeida, Roberto A Ferreira"]
[Result "0-1"]
[WhiteElo "1215"]
[BlackElo "1681"]
[PlyCount "90"]
[EventDate "2023.09.04"]
[EventType "swiss"]
[EventRounds "9"]
[EventCountry "BRA"]
[SourceTitle "EXT 2024"]
[Source "ChessBase"]
[SourceDate "2023.10.10"]
[SourceVersion "1"]
[SourceVersionDate "2023.10.10"]
[SourceQuality "1"]

1. d4 Nf6 2. Nf3 g6 3. Bf4 Bg7 4. e3 Nh5 5. Bg5 c5 6. c3 Qb6 7. Qb3 Qxb3 8. axb3 f6 9. Bh4 g5 10. Bg3 Nxg3 11. hxg3 cxd4 12. exd4 d5 13. Bd3 h6 14. Bg6+ Kf8 15. Nbd2 Nc6 16. Nf1 Bd7 17. Ne3 e6 18. c4 Ne7 19. Bh5 dxc4 20. bxc4 Be8 21. Bg4 f5 22. Bh5 Bxh5 23. Rxh5 Nc6 24. d5 Bxb2 25. Rb1 Nb4 26. dxe6 Bc3+ 27. Ke2 a5 28. Nd5 Nxd5 29. cxd5 Rb8 30. Nxg5 hxg5 31. Rxg5 Ke7 32. Rxf5 Rh7 33. Rb6 Bd4 34. Rb5 b6 35. Rf4 Bc5 36. Kd3 Rf8 37. Ra4 Kd6 38. Ke4 Rxf2 39. Rxc5 bxc5 40. Rxa5 Re2+ 41. Kf3 Re5 42. Kf4 Re1 43. Kg5 Kxd5 44. Kg6 Re7 45. Kg5 R7xe6 0-1

[Event "Niteroi op 3rd"]
[Site "Niteroi"]
[Date "2023.09.05"]
[Round "2"]
[White "Braganca, Joao Victor Marcal"]
[Black "Pereira, Arthur Macedo"]
[Result "1/2-1/2"]
[WhiteElo "1215"]
[BlackElo "1720"]
[PlyCount "78"]
[EventDate "2023.09.04"]
[EventType "swiss"]
[EventRounds "9"]
[EventCountry "BRA"]
[SourceTitle "EXT 2024"]
[Source "ChessBase"]
[SourceDate "2023.10.10"]
[SourceVersion "1"]
[SourceVersionDate "2023.10.10"]
[SourceQuality "1"]

1. d4 Nf6 2. Nf3 e6 3. Bf4 b6 4. Nbd2 Bb7 5. h3 Be7 6. e3 c5 7. c3 0-0 8. Bd3 d5 9. 0-0 Nbd7 10. Re1 Re8 11. Ne5 Nxe5 12. Bxe5 Bd6 13. Nf3 Ne4 14. Bb5 Rf8 15. Bxd6 Qxd6 16. Nd2 f5 17. Nf3 f4 18. Ne5 fxe3 19. fxe3 Rf2 20. Re2 Raf8 21. Ng4 Rf1+ 22. Qxf1 Rxf1+ 23. Rxf1 Ng3 24. Ne5 Nxf1 25. Kxf1 a6 26. Be8 g6 27. Rf2 b5 28. Rf7 cxd4 29. exd4 Qb8 30. Re7 Kf8 31. Rxh7 Kg8 32. Re7 Kf8 33. Nxg6+ Kg8 34. Ne5 Bc6 35. Bxc6 Qf8+ 36. Rf7 Qh6 37. Rf2 Qc1+ 38. Ke2 Qxb2+ 39. Kf3 Qxc3+ 1/2-1/2

[Event "Niteroi op 3rd"]
[Site "Niteroi"]
[Date "2023.09.05"]
[Round "3"]
[White "Da Silva, Joao Carlos Orguim"]
[Black "Braganca, Joao Victor Marcal"]
[Result "1-0"]
[WhiteElo "1674"]
[BlackElo "1215"]
[PlyCount "55"]
[EventDate "2023.09.04"]
[EventType "swiss"]
[EventRounds "9"]
[EventCountry "BRA"]
[SourceTitle "EXT 2024"]
[Source "ChessBase"]
[SourceDate "2023.10.10"]
[SourceVersion "1"]
[SourceVersionDate "2023.10.10"]
[SourceQuality "1"]

1. c4 Nf6 2. Nc3 g6 3. e4 d6 4. d4 Bg7 5. h3 0-0 6. Be3 Na6 7. Nf3 c5 8. d5 Nc7 9. Bd3 a6 10. a4 b6 11. 0-0 Bb7 12. Qc2 Ra7 13. Rfb1 Qa8 14. b4 Nd7 15. a5 Rb8 16. axb6 Nxb6 17. bxc5 dxc5 18. Bxc5 Nd7 19. Bxa7 Qxa7 20. Ra2 Nc5 21. Nb5 Nxb5 22. cxb5 Bc8 23. bxa6 Rxb1+ 24. Qxb1 e6 25. Bc4 Nxa6 26. Qb5 exd5 27. Qxd5 Be6 28. Qd8+ 1-0

[Event "Florianopolis op 9th"]
[Site "Florianopolis"]
[Date "2023.01.28"]
[Round "8"]
[White "Gomes, Joao Paulo Santos"]
[Black "Braganca, Joao Victor Marcal"]
[Result "1-0"]
[WhiteElo "1492"]
[BlackElo "1235"]
[PlyCount "77"]
[EventDate "2023.01.23"]
[EventType "swiss"]
[EventRounds "10"]
[EventCountry "BRA"]
[SourceTitle "CBM 212 Extra"]
[Source "ChessBase"]
[SourceDate "2023.03.31"]
[SourceVersion "1"]
[SourceVersionDate "2023.03.31"]
[SourceQuality "1"]

1. c4 Nf6 2. g3 g6 3. Bg2 Bg7 4. Nc3 0-0 5. e4 d6 6. Nge2 Nc6 7. 0-0 e5 8. d3 Ne8 9. Be3 Ne7 10. Rb1 c5 11. b4 b6 12. b5 Bb7 13. Qc2 f5 14. Nd5 fxe4 15. dxe4 Nxd5 16. cxd5 a6 17. Nc3 Nc7 18. Rfe1 Qe8 19. Bf1 axb5 20. Nxb5 Nxb5 21. Rxb5 Qd8 22. Reb1 Ra6 23. R5b3 Ra7 24. Rxb6 Bc8 25. R1b2 h5 26. Qb1 Ra8 27. Rc6 Bg4 28. Rbb6 Qf6 29. Rxd6 Qf3 30. Rxg6 Ra3 31. Bxc5 Rf7 32. Rb3 Rxb3 33. axb3 Kh7 34. Rc6 h4 35. Qd3 hxg3 36. hxg3 Rf6 37. Qxf3 Bxf3 38. Rxf6 Bxf6 39. Bg2 1-0

[Event "Florianopolis op 9th"]
[Site "Florianopolis"]
[Date "2023.01.27"]
[Round "7"]
[White "Braganca, Joao Victor Marcal"]
[Black "Furtado, Ian"]
[Result "1-0"]
[WhiteElo "1235"]
[BlackElo "1584"]
[PlyCount "99"]
[EventDate "2023.01.23"]
[EventType "swiss"]
[EventRounds "10"]
[EventCountry "BRA"]
[SourceTitle "CBM 212 Extra"]
[Source "ChessBase"]
[SourceDate "2023.03.31"]
[SourceVersion "1"]
[SourceVersionDate "2023.03.31"]
[SourceQuality "1"]

1. d4 d5 2. Nf3 Nf6 3. Bf4 Nc6 4. e3 Bf5 5. h3 e6 6. Nbd2 Bb4 7. c3 Ba5 8. Nh4 Be4 9. Nxe4 dxe4 10. f3 Nd7 11. Qb3 Qxh4+ 12. g3 Qd8 13. Qxb7 Ne7 14. fxe4 0-0 15. Bg2 Qb8 16. Qxb8 Raxb8 17. b4 Bb6 18. a4 a5 19. b5 Rbc8 20. c4 c5 21. Rd1 cxd4 22. exd4 Rxc4 23. Bd6 Re8 24. e5 Bxd4 25. Bxe7 Rxe7 26. Bc6 Nxe5 27. b6 Rxc6 28. Rxd4 Rc1+ 29. Ke2 Rc8 30. Rc1 Rb8 31. Rc7 Ree8 32. b7 h6 33. Ke3 f6 34. Rd6 Nf7 35. Rdd7 Rf8 36. Kf4 Rbd8 37. Rxd8 Rxd8 38. Rc8 g5+ 39. Ke3 Rxc8 40. bxc8Q+ Kg7 41. Qxe6 Kg6 42. Qb6 Ne5 43. Ke2 Nc4 44. Qb5 Na3 45. Qxa5 Nc4 46. Qc3 Nb6 47. a5 Na8 48. a6 h5 49. a7 Nb6 50. Qc6 1-0